000 00395 a2200169 4500
001 69175
020 _a8508102305
040 _cAnchieta - Itaigara
100 _aAzevedo, Ricardo
240 1 0 _aAula de carnaval e outro poemas
_lpor
245 1 0 _aAula de carnaval e outro poemas
300 _a48
362 0 _a2006
440 1 _aÁtica
650 4 _aLiteratura infanto-juvenil
942 _cBK
999 _c69175
_d69175